Numerical Methods and Models in Earth Sciences (Record no. 532232)
[ view plain ]
| 000 -LEADER | |
|---|---|
| fixed length control field | 00475nam a22001817a 4500 |
| 003 - CONTROL NUMBER IDENTIFIER | |
| control field | NUST |
| 005 - DATE AND TIME OF LATEST TRANSACTION | |
| control field | 20191114105403.0 |
| 008 - FIXED-LENGTH DATA ELEMENTS--GENERAL INFORMATION | |
| fixed length control field | 191114b ||||| |||| 00| 0 eng d |
| 020 ## - INTERNATIONAL STANDARD BOOK NUMBER | |
| International Standard Book Number | 9380235410 |
| 024 ## - OTHER STANDARD IDENTIFIER | |
| Standard number or code | 9789380235417 |
| 038 ## - RECORD CONTENT LICENSOR | |
| Staff Name | MSOHAIL |
| 082 ## - DEWEY DECIMAL CLASSIFICATION NUMBER | |
| Classification number | 555.4 |
| Author Mark | GHO |
| 100 ## - MAIN ENTRY--PERSONAL NAME | |
| Personal name | Parthasarathi Ghosh |
| 9 (RLIN) | 25606 |
| 245 ## - TITLE STATEMENT | |
| Title | Numerical Methods and Models in Earth Sciences |
| 260 ## - PUBLICATION, DISTRIBUTION, ETC. | |
| Place of publication, distribution, etc. | India |
| Name of publisher, distributor, etc. | New India Publishing Agency |
| Date of publication, distribution, etc. | c2011 |
| 300 ## - PHYSICAL DESCRIPTION | |
| Extent | P;146 |
| 942 ## - ADDED ENTRY ELEMENTS (KOHA) | |
| Source of classification or shelving scheme | |
| Koha item type | Book |
| Withdrawn status | Lost status | Source of classification or shelving scheme | Damaged status | Not for loan | Permanent Location | Current Location | Date acquired | Total Checkouts | Full call number | Barcode | Date last seen | Price effective from | Koha item type |
|---|---|---|---|---|---|---|---|---|---|---|---|---|---|
| School of Civil and Environmental Engineering (SCEE) | School of Civil and Environmental Engineering (SCEE) | 11/14/2019 | 555.4 GHO | NIT-12157 | 11/14/2019 | 11/14/2019 | Book |
